FC 26 TOTW 27 - Statistics

General Stats
  • This quiz has been taken 5 times
  • The average score is 5 of 23
Answer Stats
rat pos club plaeyr % Correct
TOTW 91 LW FC Barcelona Raphinha
100%
TOTW 89 CAM Manchester United Bruno Fernandes
80%
TOTW 87 ST Newcastle Anthony Gordon
60%
TOTW 87 CAM Al-Nassr João Félix
60%
TOTW 88 ST Atlético Femenino Amaiur Sarriegi
20%
TOTW 85 CB Pisa Antonio Caracciolo
20%
TOTW 85 CB Charlton Athletic Conor Coady
20%
TOTW 87 RW Lazio Gustav Isaksen
20%
TOTW 85 CM Monchengladbach Kevin Stöger
20%
TOTW 87 RB Atlético Madrid Nahuel Molina
20%
TOTW 85 GK Girona Paulo Gazzaniga
20%
TOTW 85 ST Genoa Vitinha
20%
TOTW 86 CB Galatasaray Wilfried Singo
20%
TOTW 85 ST Le Mans FC Antoine Rabillard
0%
TOTW 87 LB FC Lorient Arsène Kouassi
0%
TOTW 88 LM NC Courage Ashley Sánchez
0%
TOTW 85 CM Go Ahead Eagles Jakob Breum
0%
TOTW 85 CM Tromsø Jens Hjertø-Dahl
0%
TOTW 85 CM Werder Frauen Larissa Mühlhaus
0%
TOTW 87 ST Lillle OSC Matías Fernández-Pardo
0%
TOTW 85 CAM Dynamo Dresden Niklas Hauptmann
0%
TOTW 85 ST FC Dallas Petar Musa
0%
TOTW 85 LM PSG Féminine Tara Elimbi Gilbert
0%
No matching quizzes found
Score Distribution
Percent of People with Each Score
Percentile by Number Answered
Your Score History
You have not taken this quiz